Loading...
| Current Events | 1 | 20.00 | 100% | 100% | 0% |
| Fine Arts - Classical Music | 8 | 13.75 | 88% | 13% | 38% |
| Fine Arts - Other Fine Arts | 6 | 15.00 | 100% | 50% | 0% |
| Geography | 4 | 25.00 | 100% | 100% | 50% |
| History - American History | 6 | 20.00 | 100% | 83% | 17% |
| History - European History | 3 | 26.67 | 100% | 100% | 67% |
| History - Other History | 4 | 20.00 | 100% | 75% | 25% |
| History - World History | 4 | 25.00 | 100% | 100% | 50% |
| Literature - American Literature | 6 | 16.67 | 100% | 50% | 17% |
| Literature - British Literature | 6 | 8.33 | 67% | 17% | 0% |
| Literature - European Literature | 5 | 14.00 | 100% | 40% | 0% |
| Literature - World Literature | 6 | 15.00 | 100% | 33% | 17% |
| Mythology | 6 | 21.67 | 100% | 83% | 33% |
| Painting/Sculpture | 5 | 16.00 | 100% | 40% | 20% |
| Philosophy | 2 | 20.00 | 100% | 50% | 50% |
| Pop Culture | 3 | 10.00 | 67% | 33% | 0% |
| Religion | 4 | 17.50 | 100% | 50% | 25% |
| Science - Biology | 2 | 30.00 | 100% | 100% | 100% |
| Science - Chemistry | 7 | 24.29 | 100% | 100% | 43% |
| Science - Other Science | 7 | 21.43 | 86% | 100% | 29% |
| Science - Physics | 7 | 25.71 | 100% | 100% | 57% |
| Social Science | 3 | 10.00 | 67% | 33% | 0% |